000 00543nam a2200229Ia 4500
003 OSt
005 20220924153222.0
006 a|||||r|||| 00| 0
007 ta
008 220923b |||||||| |||| 00| 0 guj d
024 _a347310
037 _cTextual
040 _aARTS
_cARTS
_bguj
041 _2guj
_aguj
082 _aV2.N5, 156H5
100 _aMehta
_9100223
245 0 _aHindno komi tirkon
260 _c1945
650 _aHISTORY
942 _hV2.N5, 156H5
_cTEXL
_2CC
999 _c472794
_d472794